QUEST Central Library Banner

Principles, Methods and Application of Particle Size Analysis (Record no. 57357)

MARC details
000 -LEADER
fixed length control field 00273nam a22001097a 4500
082 ## - DEWEY DECIMAL CLASSIFICATION NUMBER
Classification number SYV
100 ## - MAIN ENTRY--AUTHOR NAME
Personal name Syvitski, James P. M.
245 ## - TITLE STATEMENT
Title Principles, Methods and Application of Particle Size Analysis
260 ## - PUBLICATION, DISTRIBUTION, ETC. (IMPRINT)
Place of publication India:
Name of publisher Wiley,
Year of publication 1991.
300 ## - PHYSICAL DESCRIPTION
Number of Pages 362p. ;
942 ## - ADDED ENTRY ELEMENTS (KOHA)
Koha item type Books
Holdings
Withdrawn status Lost status Home library Current library Date acquired Full call number Accession Number Koha item type
    Central Library, QUEST, Nawabshah Central Library, QUEST, Nawabshah 25/01/2017 SYV D1822 Books

Copyright © 2018,The QUEST, Nawabshah, Shaheed Benazirabad. All rights reserved
Mr. G. Farooq Channar (Librarian) QUEST, Nawabshah, Sindh, Pakistan 67480.
 Ph#: |   0244-9370381-4 Ext. 2308   Email| lib@quest.edu.pk   Web|  http://www.quest.edu.pk